| 000 | 00440nam a2200157 4500 | ||
|---|---|---|---|
| 001 | 122363 | ||
| 003 | ES-MaACL | ||
| 005 | 20230906191949.0 | ||
| 007 | t| | ||
| 008 | 070214s1919 xxu r ||||1| eng d | ||
| 100 | 1 |
_aPowell, G. Harold. _993497 |
|
| 245 | 1 | 0 |
_aCooperation in agriculture / _cby G. Harold Powell. |
| 260 |
_aNew York : _bMacmillan and Co, _c1919. |
||
| 300 |
_aXIII, 327 p. : _bil. ; _c19 cm. |
||
| 852 |
_aES-MaACL _jC-2480 |
||
| 999 |
_c122363 _d122363 |
||